Top 25 Most Common British Surnames - Statistics

General Stats
  • This quiz has been taken 61 times
  • The average score is 12 of 25
Answer Stats
Rank Starts with Surname Number in GB % Correct
1 S Smith 546,960
96%
3 W Williams 294,625
81%
2 J Jones 422,023
76%
10 J Johnson 151,518
74%
6 B Brown 195,410
63%
11 R Roberts 145,968
61%
9 T Thomas 159,643
61%
16 W White 123,667
57%
24 J Jackson 109,086
56%
7 W Wilson 186,540
56%
4 T Taylor 250,780
48%
5 D Davies 215,074
46%
18 E Edwards 118,840
44%
19 G Green 114,774
43%
22 H Harris 110,306
39%
15 T Thompson 127,966
39%
8 E Evans 171,816
37%
20 L Lewis 112,613
31%
12 W Walker 133,929
30%
13 W Wright 130,416
28%
25 C Clarke 108,022
26%
14 R Robinson 128,225
26%
17 H Hughes 120,505
22%
23 M Martin 109,869
20%
21 W Wood 111,127
20%
No matching quizzes found
Score Distribution
Percent of People with Each Score
Percentile by Number Answered
Your Score History
You have not taken this quiz